Five plays. (Record no. 156013)

MARC details
000 -LEADER
fixed length control field 00450nam a2200193Ia 4500
003 - CONTROL NUMBER IDENTIFIER
control field OSt
005 - DATE AND TIME OF LATEST TRANSACTION
control field 20230327091907.0
008 - FIXED-LENGTH DATA ELEMENTS--GENERAL INFORMATION
fixed length control field 210423s2006 xx 000 0 und d
040 ## - CATALOGING SOURCE
Transcribing agency AL
041 ## - LANGUAGE CODE
Language code of text/sound track or separate title eng
082 ## - DEWEY DECIMAL CLASSIFICATION NUMBER
Classification number 822.08 TENV
100 ## - MAIN ENTRY--PERSONAL NAME
Personal name TENDULKAR (Vijay).
9 (RLIN) 78032
245 ## - TITLE STATEMENT
Title Five plays.
260 ## - PUBLICATION, DISTRIBUTION, ETC.
Place of publication, distribution, etc. New Delhi
Name of publisher, distributor, etc. Oxford University Press
Date of publication, distribution, etc. 2006
300 ## - PHYSICAL DESCRIPTION
Extent xi,221
Other physical details PB
365 ## - TRADE PRICE
Currency code INR
906 ## - LOCAL DATA ELEMENT F, LDF (RLIN)
a Five ; plays.
942 ## - ADDED ENTRY ELEMENTS (KOHA)
Source of classification or shelving scheme Dewey Decimal Classification
Koha item type Book
Holdings
Withdrawn status Lost status Damaged status Not for loan Collection code Home library Current library Date acquired Source of acquisition Total Checkouts Full call number Barcode Date last seen Date last checked out Price effective from Koha item type
        MA English St Aloysius PG Library St Aloysius PG Library 10/29/2009 Cambridge University Press 4 822.08 TENV PG002485 10/13/2025 06/20/2025 04/26/2021 Book